[Event "2019 Lidums Young Masters Open"]
[Site "Adelaide, Australia"]
[Date "2019.12.09"]
[Round "5.5"]
[White "Boldyrev, Nikita"]
[Black "Pattison, Hamish"]
[Result "0-1"]
[WhiteElo "1694"]
[BlackElo "1409"]
[EventDate "2019.12.07"]

1.d4 d5 2.c4 c6 3.cxd5 cxd5 4.Nc3 Nf6 5.Bf4 a6 6.e3 Bf5 7.Qb3 Nc6 8.Qxb7
Na5 9.Qc7 Qxc7 10.Bxc7 Nc6 11.a3 e6 12.Nf3 Be7 13.Ne5 Nxe5 14.Bxe5 O-O
15.Be2 Rfc8 16.O-O Ne4 17.Nxe4 Bxe4 18.Rfc1 a5 19.g3 Rxc1+ 20.Rxc1 Kf8
21.Kf1 f6 22.Bc7 Rc8 23.Rc3 Ra8 24.Ke1 Bg6 25.Kd2 Be8 26.Bd3 f5 27.Kc1
g6 28.Bb6 Kf7 29.Bc5 Bd8 30.Rb3 Bc6 31.Bd6 a4 32.Rc3 Bd7 33.b4 axb3 34.Rxb3
Be7 35.Rb7 Bxd6 36.Rxd7+ Be7 37.Kb2 Kf8 38.Rb7 Rxa3 39.Rxe7 Rxd3 40.Rxe6
Rd2+ 41.Kc3 Rxf2 42.Re5 Rxh2 43.Rxd5 Rh3 44.Ra5 Rxg3 45.d5 Rxe3+ 46.Kd2
Re5 47.Ra8+ Ke7 48.Ra7+ Kd6 49.Rxh7 Kxd5 50.Rg7 Re6 51.Kd3 Ke5 52.Ke3 Kf6+
  0-1

[Event "2019 Lidums Young Masters Open"]
[Site "Adelaide, Australia"]
[Date "2019.12.09"]
[Round "5.7"]
[White "Xing, Zerui"]
[Black "Watkins, Rachel Jane"]
[Result "1-0"]
[WhiteElo "1453"]
[BlackElo "1230"]
[EventDate "2019.12.07"]

1.e4 e5 2.Nf3 Nc6 3.d4 exd4 4.Bc4 Nf6 5.O-O Nxe4 6.Re1 d5 7.Bxd5 Qxd5 8.Nc3
Qh5 9.Nxe4 Be7 10.Bg5 Be6 11.Bxe7 Nxe7 12.Qxd4 Qh6 13.Qb4 b6 14.a4 a5 15.Qb5+
Bd7 16.Qe5 Rc8 17.Rad1 Be6 18.Qb5+ Kf8 19.Neg5 Qg6 20.Nxe6+ fxe6 21.Ne5
Qf5 22.Qd7 Re8 23.Rd3 Qh5 24.g4 Qg5 25.Rf3+ Nf5 26.Qf7#   1-0

[Event "2019 Lidums Young Masters Open"]
[Site "Adelaide, Australia"]
[Date "2019.12.09"]
[Round "5.8"]
[White "Retnaraja, Athena-Malar"]
[Black "Fenton, Oliver"]
[Result "0-1"]
[WhiteElo "1322"]
[BlackElo "1511"]
[EventDate "2019.12.07"]

1.d4 d5 2.Bf4 Nf6 3.Nf3 e6 4.e3 Nbd7 5.c3 Be7 6.Nbd2 O-O 7.Qc2 b6 8.Ne5
Bb7 9.Ndf3 Nxe5 10.Nxe5 c5 11.Be2 cxd4 12.exd4 Rc8 13.O-O-O Ne4 14.Bd3
Bg5 15.Be3 Rc7 16.f4 Bf6 17.g4 Qe7 18.Nf3 Rfc8 19.Bxe4 dxe4 20.Nd2 Rxc3
21.bxc3 Qa3+ 22.Kb1 Rxc3 23.Qb2 Qxb2+ 24.Kxb2 Rxe3 25.Nc4 Re2+ 26.Kc3 Rxa2
27.Ra1 Rxa1 28.Rxa1 b5 29.Nd6 b4+ 30.Kd2 Bxd4 31.Ra4 Bc3+ 32.Kc2 e3 33.Rxa7
e2 34.Rxb7 h6 35.Rb8+ Kh7 36.Nxf7 e1=Q 37.Kb3 Qb1+ 38.Kc4 Qa2+ 39.Kb5 Qd5+
40.Ka4 Qd7+ 41.Kb3 Qxf7 42.Kc2 Qxf4 43.Re8 Qd2+ 44.Kb3 Qd1+ 45.Kc4 Qd5#
  0-1

[Event "2019 Lidums Young Masters Open"]
[Site "Adelaide, Australia"]
[Date "2019.12.09"]
[Round "5.9"]
[White "Nair, Gautam"]
[Black "Rahman, Raad"]
[Result "0-1"]
[WhiteElo "1327"]
[BlackElo "1619"]
[EventDate "2019.12.07"]

1.c4 Nf6 2.Nc3 e6 3.d4 c5 4.d5 exd5 5.cxd5 d6 6.e4 g6 7.f4 Bg7 8.e5 dxe5
9.fxe5 Nfd7 10.e6 fxe6 11.dxe6 Bxc3+ 12.bxc3 Qh4+ 13.Kd2 Ne5 14.Bb5+ Ke7
15.Qe2 Rd8+ 16.Kc2 Nbc6 17.Nf3 Nxf3 18.Qxf3 Bxe6 19.Bxc6 bxc6 20.Qxc6 Qf2+
  0-1

[Event "2019 Lidums Young Masters Open"]
[Site "Adelaide, Australia"]
[Date "2019.12.10"]
[Round "6.1"]
[White "Bayaca, Sterling"]
[Black "Badrinarayan, Sankeertan"]
[Result "1-0"]
[WhiteElo "1980"]
[BlackElo "1900"]
[EventDate "2019.12.07"]

1.c4 Nf6 2.Nc3 g6 3.g3 Bg7 4.Bg2 O-O 5.e4 d6 6.Nge2 e5 7.O-O Nc6 8.f4 Bg4
9.h3 Bxe2 10.Nxe2 Nd7 11.f5 Nc5 12.d3 Nd4 13.Nc3 a5 14.g4 Qh4 15.Be3 c6
16.Qd2 Qd8 17.Rad1 Re8 18.Qf2 Qb6 19.f6 Bf8 20.Rd2 Nce6 21.Ne2 Nxe2+ 22.Rxe2
Qb4 23.a3 Qb3 24.Rc2 Nc5 25.Rc3 Qb6 26.b3 Qc7 27.h4 Reb8 28.h5 Qd7 29.hxg6
fxg6 30.d4 Ne6 31.d5 Nd8 32.g5 Nf7 33.Qh4 c5 34.Bh3 Qe8 35.a4 Kh8 36.Be6
Ra6 37.Bd2 Ra7 38.Rh3 h5 39.gxh6 Kh7 40.Rf2 b5 41.cxb5 Nh8 42.Rfh2 Rbb7
43.f7 Qe7 44.Bg5 Qc7 45.Bd8   1-0

[Event "2019 Lidums Young Masters Open"]
[Site "Adelaide, Australia"]
[Date "2019.12.10"]
[Round "6.2"]
[White "Kiripitige, Chathula"]
[Black "Retnaraja, Ethan"]
[Result "1/2-1/2"]
[WhiteElo "1668"]
[BlackElo "1433"]
[EventDate "2019.12.07"]

1.e4 c5 2.Nf3 d6 3.d4 cxd4 4.Nxd4 Nf6 5.Nc3 a6 6.Be3 e5 7.Nb3 Be6 8.Be2
Nbd7 9.f4 b5 10.a3 Be7 11.f5 Bxb3 12.cxb3 h5 13.O-O Nc5 14.Bf3 Rc8 15.b4
Ncd7 16.Rc1 Nb6 17.b3 Rc6 18.Qe2 Qd7 19.Rc2 h4 20.Rfc1 O-O 21.Bg5 d5 22.exd5
Nbxd5 23.Bxf6 Nxc3 24.Qe1 Rxf6 25.Rxc3 Qxf5 26.Qxh4 Re6 27.Qe1 e4 28.Bd1
Bg5 29.R1c2 e3 30.Rc5 Qf6 31.Bg4 Rd6 32.Qf1 Qxf1+ 33.Kxf1 Bh6 34.Rc6 Rfd8
35.a4 Rd4 36.Rc8 Rxc8 37.Rxc8+ Kh7 38.axb5 axb5 39.Be2 Rxb4 40.Rc5 Rxb3
41.Rxb5 Rc3 42.Rb1 f5 43.g3 g5 44.Rb7+ Bg7 45.g4 f4 46.Kg2 Kg6 47.Kf3 Kf6
48.Rd7 Bf8 49.Rd1 Rc2 50.Rf1 Ke5 51.Rd1 Rd2 52.Rf1 Bc5 53.Rb1 Rxe2 54.Kxe2
Ke4 55.Rf1 Bd6 56.h3   1/2-1/2

[Event "2019 Lidums Young Masters Open"]
[Site "Adelaide, Australia"]
[Date "2019.12.10"]
[Round "6.3"]
[White "He, Caleb"]
[Black "Bartley, George"]
[Result "1-0"]
[WhiteElo "1668"]
[BlackElo "1733"]
[EventDate "2019.12.07"]

1.d4 Nf6 2.Bf4 d5 3.e3 c5 4.c3 e6 5.Nd2 Nc6 6.Ngf3 c4 7.Be2 Be7 8.Qc2 b5
9.O-O O-O 10.h3 a5 11.b3 cxb3 12.axb3 Qb6 13.Bd3 h6 14.Ne5 Nd7 15.Ndf3
Ndxe5 16.Nxe5 Nxe5 17.Bxe5 Bd7 18.Qe2 Rfc8 19.Rfc1 Bf8 20.Ra2 b4 21.c4
dxc4 22.Rxc4 Rxc4 23.Bxc4 a4 24.bxa4 b3 25.Rb2 Bxa4 26.Qd3 Ba3 27.Rb1 Rc8
28.Bxb3 Bb5 29.Qd2 Bc4 30.Ba2 Qc6 31.Bxc4 Qxc4 32.Rb8 Rxb8 33.Bxb8 Bc1
34.Qd1 Ba3 35.Kh2 Qb5 36.Bg3 Qc4 37.Qf3 Bc1 38.Qa8+ Kh7 39.Qf8 Kg6 40.Be5
f6 41.Qe8+ Kh7 42.Bg3 Bd2 43.Qf7 Be1 44.Bh4 Kh8 45.Bg3 Qd5 46.Qe8+ Kh7
47.Qa4 Qf5 48.Qa2 Qe4 49.Qe2 Bb4 50.Qc4 Be1 51.Qe2 Bb4 52.Qf3 Qd3 53.Qc6
Qf5 54.e4 Qg5 55.Qxe6 Bc3 56.d5 Qd2 57.d6 Ba5 58.d7 Qd4 59.Qf5+   1-0

[Event "2019 Lidums Young Masters Open"]
[Site "Adelaide, Australia"]
[Date "2019.12.10"]
[Round "6.4"]
[White "Xing, Zerui"]
[Black "He, Paul"]
[Result "0-1"]
[WhiteElo "1453"]
[BlackElo "1612"]
[EventDate "2019.12.07"]

1.e4 c5 2.Nf3 g6 3.c3 d5 4.exd5 Qxd5 5.d3 Bg7 6.Be2 Nf6 7.Nbd2 Nc6 8.Nb3
O-O 9.Be3 b6 10.O-O Bb7 11.Ne1 Rad8 12.f4 Rfe8 13.Nd2 e5 14.Bf3 Qd7 15.Qc2
Nd5 16.Bxd5 Qxd5 17.f5 Nd4 18.cxd4 exd4 19.fxg6 hxg6 20.Bf4 Rxe1 21.Ne4
Rxa1 22.Rxa1 c4 23.Bh6 cxd3 24.Qc7 Rc8 25.Bxg7 Rxc7 26.Nf6+ Kxg7 27.Nxd5
Bxd5 28.Kf2 Rc2+ 29.Ke1 Rxg2 30.Kf1 Rxh2 31.Kg1 Rh1+ 32.Kf2 Rxa1 33.Kg3
d2 34.Kh2 d1=Q 35.Kg3 Qf3+ 36.Kh4 Rh1+ 37.Kg5 Rh5#   0-1

[Event "2019 Lidums Young Masters Open"]
[Site "Adelaide, Australia"]
[Date "2019.12.10"]
[Round "6.6"]
[White "Lu, Lillian"]
[Black "Boldyrev, Nikita"]
[Result "1-0"]
[WhiteElo "1689"]
[BlackElo "1694"]
[EventDate "2019.12.07"]

1.e4 c6 2.d4 d5 3.exd5 cxd5 4.Bd3 Nc6 5.c3 Qc7 6.Ne2 Bg4 7.f3 Bh5 8.Bf4
Qd8 9.Qb3 Qd7 10.Bg3 e6 11.O-O Bg6 12.Nf4 Bxd3 13.Nxd3 Na5 14.Qc2 Nc4 15.Re1
Bd6 16.Bxd6 Qxd6 17.Qa4+ Qc6 18.Qxc6+ bxc6 19.b3 Nb6 20.Nd2 Nd7 21.b4 Ngf6
22.Nb3 Kd8 23.Na5 Kc7 24.Rec1 Rac8 25.c4 Kd6 26.Rc2 dxc4 27.Nxc4+ Kd5 28.Nf4+
  1-0

[Event "2019 Lidums Young Masters Open"]
[Site "Adelaide, Australia"]
[Date "2019.12.10"]
[Round "6.7"]
[White "Fenton, Oliver"]
[Black "Watkins, Rachel Jane"]
[Result "1-0"]
[WhiteElo "1511"]
[BlackElo "1230"]
[EventDate "2019.12.07"]

1.d4 d5 2.c4 e6 3.Nf3 Nf6 4.Bg5 Be7 5.Nc3 O-O 6.e3 b6 7.cxd5 exd5 8.Bd3
Bg4 9.a3 Bh5 10.Qc2 Bg6 11.Bxg6 hxg6 12.h4 c6 13.Bxf6 Bxf6 14.h5 gxh5 15.Rxh5
g6 16.Rh3 Kg7 17.O-O-O Rh8 18.Rdh1 Rxh3 19.gxh3 Bh4 20.Ne5 Qf6 21.f4 Qe6
22.Ng4 f5 23.Ne5 Nd7 24.Rg1 Nxe5 25.dxe5 Rd8 26.Ne2 Bf2 27.Rg2 Bxe3+ 28.Kb1
Bc5 29.h4 Kf7 30.h5 gxh5 31.Rg5 Rh8 32.Rxf5+ Ke7 33.Rf6 Qg8 34.Qf5 Qh7
35.Rg6 Kd8 36.Qf6+ Be7 37.Qxc6 h4 38.f5 h3 39.Qxd5+ Ke8 40.e6 h2 41.Qd7+
Kf8 42.Qc8+ Bd8 43.Qxd8#   1-0

[Event "2019 Lidums Young Masters Open"]
[Site "Adelaide, Australia"]
[Date "2019.12.10"]
[Round "6.9"]
[White "Rahman, Raad"]
[Black "Retnaraja, Athena-Malar"]
[Result "0-1"]
[WhiteElo "1619"]
[BlackElo "1322"]
[EventDate "2019.12.07"]

1.e4 c5 2.d4 cxd4 3.c3 dxc3 4.Nxc3 Nc6 5.Nf3 e6 6.Bc4 a6 7.O-O Be7 8.Bf4
d6 9.Qc2 e5 10.Be3 Nf6 11.Rfd1 O-O 12.h3 h6 13.b4 Qc7 14.Rac1 Be6 15.Nd5
Qd8 16.Nb6 Rb8 17.Bxe6 fxe6 18.Qc4 Kf7 19.a4 Nd7 20.Nxd7 Qxd7 21.b5 Qc7
22.bxc6 Rbc8 23.Rd3 bxc6 24.Qxa6 c5 25.a5 Ra8 26.Qb6 Qa7 27.Qxa7 Rxa7 28.Ra1
Ra6 29.Rb3 Rfa8 30.Bd2 Bd8 31.Kf1 Kf6 32.Bc3 Bc7 33.Rb5 Rc6 34.Nd2 d5 35.exd5
exd5 36.Nb3 c4 37.Nc5 d4 38.Bb4 Kf5 39.a6 Bd6 40.Nb7 Bxb4 41.Rxb4 Rcxa6
42.Rxa6 Rxa6 43.Rxc4 Ra1+ 44.Ke2 Ke4 45.f3+ Kf4 46.Rc7 Ra2+ 47.Kf1 Ke3
48.Rc1 Rf2+ 49.Kg1 d3 50.Rc3 Rc2 51.Rxd3+ Kxd3 52.Nd6 Rc6 53.Ne4 g5 54.Nf2+
Ke3 55.Ng4+ Kf4 56.Kh2 h5 57.g3+ Kf5 58.Ne3+ Ke6   0-1

[Event "2019 Lidums Young Masters Open"]
[Site "Adelaide, Australia"]
[Date "2019.12.10"]
[Round "6.10"]
[White "Maria, Alistair"]
[Black "Nair, Gautam"]
[Result "0-1"]
[WhiteElo "1071"]
[BlackElo "1327"]
[EventDate "2019.12.07"]

1.d4 Nf6 2.Nf3 g6 3.c3 Bg7 4.Bg5 h6 5.Bxf6 Bxf6 6.e3 O-O 7.Nbd2 d6 8.Qb3
Nd7 9.O-O-O c5 10.d5 a6 11.c4 a5 12.a4 Nb6 13.Qa3 Bd7 14.b3 e6 15.e4 Bg7
16.Bd3 Qf6 17.e5 dxe5 18.Ne4 Qf4+ 19.Nfd2 exd5 20.g3 Qg4 21.h3 Qe6 22.cxd5
Qxd5 23.Nc4 Nxc4 24.bxc4 Qc6 25.Nxc5 Bc8 26.Kc2 Re8 27.Ne4 f5 28.Nd2 e4
29.Be2 Kh7 30.c5 Re5 31.Nc4 Rxc5 32.Qb3 Be6 33.Kb1 Bxc4 34.Bxc4 Rxc4 35.Rc1
Rc8 36.Rxc4 Qxc4 37.Qxc4 Rxc4 38.Ka2 Rxa4+ 39.Kb3 Rb4+ 40.Ka3 Bf8 41.Ka2
Kg7 42.Rd1 Kf6 43.Rd7 Bc5 44.Rd2 Ke5 45.Ka1 Bd4+ 46.Ka2 a4 47.Rc2 Rb6 48.f4+
Kd5 49.Rd2 e3 50.Re2 Ke4 51.Ka3 Kf3 52.Rc2 e2 53.Rxe2 Kxe2 54.Kxa4 Kf3
  0-1

[Event "2019 Lidums Young Masters Open"]
[Site "Adelaide, Australia"]
[Date "2019.12.11"]
[Round "7.1"]
[White "Retnaraja, Ethan"]
[Black "Bayaca, Sterling"]
[Result "0-1"]
[WhiteElo "1433"]
[BlackElo "1980"]
[EventDate "2019.12.07"]

1.Nf3 c5 2.c4 Nc6 3.g3 g6 4.Bg2 Bg7 5.Nc3 e6 6.b3 Nge7 7.Bb2 O-O 8.O-O d5
9.d3 d4 10.Ne4 b6 11.a3 Bb7 12.Rb1 a5 13.e3 Ra7 14.exd4 Nxd4 15.Nxd4 Bxd4
16.Nf6+ Kg7 17.Bxb7 Bxb2 18.Rxb2 Qd4 19.Qd2 Rxb7 20.Ne4 Nc6 21.Qc3 Rd7
22.Rd1 Rfd8 23.Qxd4+ Rxd4 24.Rbd2 Ne5 25.Kg2 Nxd3 26.Kf3 Ne5+ 27.Ke3 Ng4+
28.Kf3 Nxh2+ 29.Kg2 Rxd2 30.Rxd2 Rxd2 31.Nxd2 Ng4 32.Ne4 Nf6 33.Nd6 Nd7
34.Kf3 f5 35.Ne8+ Kf7 36.Nd6+ Ke7 37.Nc8+ Kf6 38.Ke3 e5 39.Nd6 Ke6 40.Ne8
Nf6 41.Nc7+ Kd7 42.Nb5 g5 43.Nc3 h5 44.f4 exf4+ 45.gxf4 g4 46.Na4 Kc6 47.Nb2
h4 48.Nd3 Nd7 49.a4 Kd6 50.Ne1 h3 51.Kf2 Nf6 52.Nd3 Ne4+ 53.Kg1 g3 54.Nc1
Nf2 55.Ne2 h2+ 56.Kg2 h1=Q+ 57.Kxg3 Ne4#   0-1

[Event "2019 Lidums Young Masters Open"]
[Site "Adelaide, Australia"]
[Date "2019.12.11"]
[Round "7.2"]
[White "Badrinarayan, Sankeertan"]
[Black "He, Caleb"]
[Result "1-0"]
[WhiteElo "1900"]
[BlackElo "1668"]
[EventDate "2019.12.07"]

1.Nf3 Nf6 2.g3 g6 3.Bg2 Bg7 4.O-O O-O 5.d3 d5 6.Nbd2 c5 7.e4 Nc6 8.Re1 b6
9.exd5 Nxd5 10.a3 Bb7 11.Nc4 Qc7 12.Rb1 e5 13.Ng5 Nce7 14.Qe2 h6 15.Nh3
Rfe8 16.Bd2 Nf5 17.c3 Nd6 18.Nxd6 Qxd6 19.c4 Nf4 20.gxf4 Bxg2 21.Kxg2 exf4
22.Bxf4 Qd7 23.Qd1 Red8 24.Bg3 Qf5 25.Nf4 Rd4 26.Qf3 Rad8 27.Rbd1 b5 28.b3
bxc4 29.bxc4 Qd7 30.Nd5 f5 31.Rb1 Qa4 32.Ne7+ Kh7 33.Qc6 Qxa3 34.Qxg6+
Kh8 35.Nxf5 R4d7 36.Re8+   1-0

[Event "2019 Lidums Young Masters Open"]
[Site "Adelaide, Australia"]
[Date "2019.12.11"]
[Round "7.3"]
[White "Pattison, Hamish"]
[Black "Kiripitige, Chathula"]
[Result "1/2-1/2"]
[WhiteElo "1409"]
[BlackElo "1668"]
[EventDate "2019.12.07"]

1.d4 d5 2.c4 c6 3.cxd5 cxd5 4.Nc3 Nf6 5.Bf4 Nc6 6.Nf3 Qb6 7.Qb3 Qxb3 8.axb3
a6 9.e3 e6 10.Bd3 Nb4 11.Bb1 Bd7 12.O-O Be7 13.Ne5 Nh5 14.Nxd7 Kxd7 15.Bg3
Rhc8 16.Na4 Rc6 17.Nc3 Rac8 18.Rd1 Nxg3 19.hxg3 f5 20.Kf1 g5 21.g4 fxg4
22.Bxh7 Rh8 23.Bb1 Rcc8 24.Ke2 Rh2 25.Rg1 Rch8 26.Bd3 Rf8 27.Raf1 Nxd3
28.Kxd3 Bb4 29.e4 Bxc3 30.bxc3 dxe4+ 31.Kxe4 Rh6 32.Ke3 b5 33.f3 Rhf6 34.Ke2
a5 35.Rf2 g3 36.Rff1 a4 37.bxa4 bxa4 38.Ra1 Ra8 39.Ra3 Rf5 40.Rga1 Rfa5
41.Kd3 Kd6 42.Rh1 Rb5 43.Rha1 Rb2 44.R1a2 Rxa2 45.Rxa2 a3 46.c4 e5 47.dxe5+
Kxe5 48.Ke3 Kd6 49.Ke4 Kc5 50.Kf5 Kxc4 51.Kxg5 Kb3 52.Re2 a2 53.Re1 a1=Q
54.Rxa1 Rxa1 55.Kf4 Kc3 56.Kxg3 Kd3 57.Kf4 Ke2 58.Kf5 Rg1 59.f4 Rxg2 60.Ke6
Kf3 61.f5 Re2+ 62.Kd7 Kg4 63.f6 Kg5 64.f7 Rd2+ 65.Ke8 Re2+ 66.Kd7 Rf2 67.Ke7
Re2+ 68.Kd7 Rf2 69.Ke7 Rxf7+ 70.Kxf7   1/2-1/2

[Event "2019 Lidums Young Masters Open"]
[Site "Adelaide, Australia"]
[Date "2019.12.11"]
[Round "7.4"]
[White "He, Paul"]
[Black "Bartley, George"]
[Result "1-0"]
[WhiteElo "1612"]
[BlackElo "1733"]
[EventDate "2019.12.07"]

1.c4 Nf6 2.g3 e5 3.Bg2 d6 4.Nc3 Be7 5.e3 O-O 6.Nge2 c6 7.d4 Nbd7 8.O-O Nb6
9.b3 Bf5 10.Bb2 Qc7 11.Qd2 Rfd8 12.Rad1 exd4 13.Qxd4 d5 14.cxd5 cxd5 15.Qf4
Qc8 16.Nb5 Nh5 17.Qc7 Qd7 18.Qxd7 Rxd7 19.Nbd4 Be6 20.Nxe6 fxe6 21.Bh3
Kf7 22.Nd4 Ke8 23.Nxe6 Bf6 24.Ba3 Kf7 25.Ng5+ Bxg5 26.Bxd7 Nxd7 27.Rxd5
Kg6 28.Rxd7 b6 29.f4 Bf6 30.g4   1-0

[Event "2019 Lidums Young Masters Open"]
[Site "Adelaide, Australia"]
[Date "2019.12.11"]
[Round "7.5"]
[White "Fenton, Oliver"]
[Black "Xing, Zerui"]
[Result "1/2-1/2"]
[WhiteElo "1511"]
[BlackElo "1453"]
[EventDate "2019.12.07"]

1.d4 d5 2.c4 e6 3.Nc3 Nf6 4.Bg5 Bb4 5.Nf3 O-O 6.e3 c6 7.cxd5 cxd5 8.Bd3
Nbd7 9.Qc2 Qc7 10.O-O h6 11.Bf4 Bd6 12.Bxd6 Qxd6 13.Rfc1 a6 14.Rab1 b5
15.b4 Bb7 16.a4 bxa4 17.Nxa4 Rac8 18.Nc5 Qb6 19.Qa4 Nb8 20.Qa5 Rc6 21.Ne5
Rd6 22.Qxb6 Rxb6 23.b5 axb5 24.Nxb7 Rxb7 25.Rxb5 Rxb5 26.Bxb5 Ne4 27.Rc7
Nd6 28.Ba4 Rc8 29.Rxc8+ Nxc8 30.Nc6 Nxc6 31.Bxc6 Ne7 32.Ba4 Kf8 33.f4 Nf5
34.Kf2 Nd6 35.g4 Ke7 36.h4 f6 37.Bc2 g5 38.fxg5 fxg5 39.hxg5 hxg5 40.Bd3
Kf6 41.Kf3 e5 42.dxe5+ Kxe5 43.Kg3 Nc4 44.Kf3 Nd2+ 45.Ke2 Ne4 46.Kf3 Nf6
47.Kg3 Nd7 48.Kf3 Nc5 49.Bf5 Ne4 50.Bxe4 dxe4+ 51.Ke2 Kd5 52.Kd2 Kc4 53.Kc2
  1/2-1/2

[Event "2019 Lidums Young Masters Open"]
[Site "Adelaide, Australia"]
[Date "2019.12.11"]
[Round "7.7"]
[White "Retnaraja, Athena-Malar"]
[Black "Nair, Gautam"]
[Result "1/2-1/2"]
[WhiteElo "1322"]
[BlackElo "1327"]
[EventDate "2019.12.07"]

1.d4 Nf6 2.Nf3 g6 3.Bf4 Bg7 4.Nc3 d6 5.e4 O-O 6.Qd2 c5 7.d5 Qa5 8.Bd3 Nbd7
9.Bh6 e6 10.Bxg7 Kxg7 11.O-O-O exd5 12.exd5 a6 13.h4 Rh8 14.Kb1 b5 15.Qf4
Qb6 16.Ne4 Nxe4 17.Bxe4 Nf6 18.Rdg1 Nxe4 19.Qxe4 Bf5 20.Qf4 Rae8 21.Re1
c4 22.Qd4+ Qxd4 23.Nxd4 Be4 24.f3 Bxd5 25.c3   1/2-1/2

[Event "2019 Lidums Young Masters Open"]
[Site "Adelaide, Australia"]
[Date "2019.12.11"]
[Round "7.8"]
[White "Watkins, Rachel Jane"]
[Black "Boldyrev, Nikita"]
[Result "1/2-1/2"]
[WhiteElo "1230"]
[BlackElo "1694"]
[EventDate "2019.12.07"]

1.e4 c6 2.d4 d5 3.Nc3 dxe4 4.Nxe4 Nf6 5.Nxf6+ exf6 6.Nf3 Bd6 7.Bc4 O-O 8.Be3
Qe7 9.O-O Be6 10.Bb3 Nd7 11.Qd2 Nb6 12.Bf4 Rfd8 13.Bxd6 Qxd6 14.Rad1 a5
15.Bxe6 Qxe6 16.a3 Nc4 17.Qc3 Qd5 18.Rfe1 b5 19.Qb3 g6 20.c3 Re8 21.h3
Kf8 22.Rxe8+ Rxe8 23.Re1 Re4 24.Qc2 Rxe1+ 25.Nxe1 a4 26.Nd3 Qf5 27.Qe2
Qe6 28.Qxe6 fxe6 29.Kf1 Ke7 30.Ke2 Kd6 31.Kf3 e5 32.dxe5+ Nxe5+ 33.Nxe5
Kxe5 34.Ke3 Kd5 35.Kd3 h5 36.g3 g5 37.f3 f5 38.g4 hxg4 39.hxg4 f4 40.Kd2
Kc4 41.Kc2 c5 42.Kd2 Kb3 43.Kc1 Ka2 44.Kc2 Ka1 45.Kc1 Ka2 46.Kc2 c4 47.Kc1
Ka1   1/2-1/2

[Event "2019 Lidums Young Masters Open"]
[Site "Adelaide, Australia"]
[Date "2019.12.12"]
[Round "8.1"]
[White "He, Caleb"]
[Black "Bayaca, Sterling"]
[Result "0-1"]
[WhiteElo "1668"]
[BlackElo "1980"]
[EventDate "2019.12.07"]

1.c4 c5 2.g3 Nc6 3.Bg2 g6 4.Nf3 Bg7 5.O-O e6 6.Nc3 Nge7 7.e3 O-O 8.d4 cxd4
9.Nxd4 a6 10.Nxc6 Nxc6 11.a3 Ne5 12.c5 Qc7 13.b4 d5 14.Qb3 Bd7 15.Ra2 a5
16.e4 d4 17.Ne2 Bb5 18.Bf4 Qd7 19.Bxe5 Bxe5 20.Rd1 Ba4 21.Qb1 Bxd1 22.Qxd1
axb4 23.a4 d3 24.Nc1 Rfd8 25.Nb3 Bc3 26.a5 e5 27.Bf1 Qe6 28.Bxd3 Rxd3 29.Qxd3
Qxb3 30.Ra1 Qe6 31.Rd1 Qa6 32.Qd7 Qc6 33.Qe7 Bd4 34.Rc1 b3 35.Qg5 b2 36.Rb1
Qxe4   0-1

[Event "2019 Lidums Young Masters Open"]
[Site "Adelaide, Australia"]
[Date "2019.12.12"]
[Round "8.2"]
[White "Badrinarayan, Sankeertan"]
[Black "Pattison, Hamish"]
[Result "1-0"]
[WhiteElo "1900"]
[BlackElo "1409"]
[EventDate "2019.12.07"]

1.Nf3 d5 2.g3 c6 3.Bg2 Nf6 4.O-O g6 5.d3 Bg7 6.Nbd2 O-O 7.e4 dxe4 8.dxe4
Bg4 9.h3 Bxf3 10.Qxf3 Nbd7 11.Re1 e6 12.Nf1 h6 13.Be3 Nxe4 14.Qxe4 Bxb2
15.Rab1 Bg7 16.Rxb7 Nf6 17.Qh4 Qa5 18.Rd1 Qa6 19.Rc7 g5 20.Qb4 Qxa2 21.Rxc6
Rab8 22.Qc4 Qa3   1-0

[Event "2019 Lidums Young Masters Open"]
[Site "Adelaide, Australia"]
[Date "2019.12.12"]
[Round "8.3"]
[White "Kiripitige, Chathula"]
[Black "He, Paul"]
[Result "1-0"]
[WhiteElo "1668"]
[BlackElo "1612"]
[EventDate "2019.12.07"]

1.e4 c5 2.Nf3 d6 3.d4 cxd4 4.Nxd4 Nf6 5.Nc3 g6 6.f3 Bg7 7.Be3 Nc6 8.Qd2
O-O 9.g4 Nd7 10.Be2 Nxd4 11.Bxd4 Bxd4 12.Qxd4 Qb6 13.O-O-O Qxd4 14.Rxd4
Ne5 15.Nd5 Nc6 16.Rd2 Be6 17.f4 Rac8 18.a3 Bxd5 19.exd5 Na5 20.Kb1 Nc4
21.Rd4 b5 22.Bxc4 bxc4 23.Re1 Rc7 24.Rde4 Re8 25.h4 Kf8 26.f5 Rb8 27.fxg6
fxg6 28.c3 Rb5 29.Rd1 Rcc5 30.Red4 Rc7 31.g5 a5 32.Rf4+ Ke8 33.Rdd4 Rcb7
34.Rf2 Rc7 35.Rh2 Kf7 36.Rf2+ Ke8 37.Kc1 Rcb7 38.Rff4 Rb8 39.Rd2 Kd7 40.Rf7
Rh8 41.Re2 Rxd5 42.Rexe7+ Kc8 43.Ra7 Kb8 44.Rfb7+ Kc8 45.Rb6 h6 46.Ra8+
Kc7 47.Rxh8 Kxb6 48.Rxh6 Kc7 49.Rxg6 Kd7 50.h5 Rd3 51.h6 Rh3 52.Rg7+ Ke6
53.h7   1-0

[Event "2019 Lidums Young Masters Open"]
[Site "Adelaide, Australia"]
[Date "2019.12.12"]
[Round "8.4"]
[White "Xing, Zerui"]
[Black "Retnaraja, Ethan"]
[Result "1-0"]
[WhiteElo "1453"]
[BlackElo "1433"]
[EventDate "2019.12.07"]

1.e4 c5 2.d4 cxd4 3.c3 dxc3 4.Nxc3 Nc6 5.Nf3 d6 6.Bc4 a6 7.O-O e6 8.Qe2
Nf6 9.Rd1 Qc7 10.Bf4 Be7 11.e5 dxe5 12.Nxe5 O-O 13.Ng6 e5 14.Bxe5 Nxe5
15.Nxe5 Bd6 16.Nxf7 Rxf7 17.Bxf7+ Kxf7 18.h3 Be6 19.Rac1 Qe7 20.Qf3 Re8
21.Ne4 Be5 22.Kh1 Kg8 23.b3 Rf8 24.Re1 Ng4 25.Qe2 Bf5 26.Ng3 Qh4 27.Nxf5
Nxf2+ 28.Kg1 Nxh3+ 29.gxh3 Rxf5 30.Qc4+ Qxc4 31.Rxc4 Rg5+ 32.Rg4 Rh5 33.Kg2
Bf6 34.Re6 Kf7 35.Rb6 Rd5 36.Rxb7+ Kf8 37.Rc4 Bd8 38.Rc2 a5 39.Kf3 Rd3+
40.Kg2 h6 41.b4 axb4 42.Rxb4 g5 43.Rb3 Rd4 44.a3 Be7 45.Ra2 Ra4 46.Kf3
Kg7 47.Rd3 h5 48.Ke2 g4 49.Kd2 Kg6 50.Kc2 Kg5 51.Kb3 Ra5 52.a4 Kh4 53.hxg4
hxg4 54.Rg2 Rf5 55.Rh2+ Kg5 56.Kc2 Ra5 57.Rd4 Rf5 58.Kd3 Bc5 59.Re4 g3
60.Rg2 Bf2 61.Ke2 Rc5 62.Rb4 Re5+ 63.Kd3 Re3+ 64.Kd2 Re6 65.Rc4 Re5 66.Kc3
Kf5 67.Kd2 Rd5+ 68.Kc2 Re5 69.Rc3 Ra5 70.Kb3 Kf4 71.Rd3 Re5 72.Kc2 Re2+
73.Kd1 Ra2 74.Rd2 Kf3 75.Rxg3+ Bxg3 76.Rxa2 Bb8 77.a5 Ba7 78.Ra4 Ke3 79.Kc2
  1-0

[Event "2019 Lidums Young Masters Open"]
[Site "Adelaide, Australia"]
[Date "2019.12.12"]
[Round "8.8"]
[White "Boldyrev, Nikita"]
[Black "Retnaraja, Athena-Malar"]
[Result "1-0"]
[WhiteElo "1694"]
[BlackElo "1322"]
[EventDate "2019.12.07"]

1.d4 c5 2.d5 d6 3.c4 e5 4.Nc3 Be7 5.Nf3 Bg4 6.g3 Bd7 7.Bg2 f5 8.O-O h5 9.Nxe5
dxe5 10.d6 Bc6 11.dxe7 Qxe7 12.Nd5 Qf7 13.Bg5 Na6 14.Qd2 Qg6 15.Bh4 Qf7
16.Rad1 Nf6 17.Nxf6+ gxf6 18.Bxc6+ bxc6 19.b3 O-O 20.Qd7 Qxd7 21.Rxd7 Rfd8
22.Rfd1 Rxd7 23.Rxd7 Nb4 24.Bxf6 Nxa2 25.Rg7+ Kf8 26.Rh7 Re8 27.Rxa7 Nc1
28.Rb7 Nxe2+ 29.Kf1 Nd4 30.h4 e4 31.b4 Nf3 32.bxc5 Nd2+ 33.Ke2 Nxc4 34.Rh7
Re6 35.Bd4 Ne5 36.Rxh5 Nf3 37.Rxf5+ Ke7 38.Ke3 Ne1 39.Re5 Nc2+ 40.Kxe4
Nxd4 41.Kxd4 Kf6 42.Rxe6+ Kxe6 43.Ke4 Kf6 44.g4 Ke6 45.h5 Kf6 46.f4 Kg7
47.Ke5 Kf7 48.g5 Kg7 49.Kd6 Kf7 50.Kxc6   1-0

[Event "2019 Lidums Young Masters Open"]
[Site "Adelaide, Australia"]
[Date "2019.12.12"]
[Round "8.9"]
[White "Nair, Gautam"]
[Black "Watkins, Rachel Jane"]
[Result "1/2-1/2"]
[WhiteElo "1327"]
[BlackElo "1230"]
[EventDate "2019.12.07"]

1.d4 d5 2.Nf3 Nf6 3.c4 e6 4.Bg5 Be7 5.Nc3 h6 6.Bh4 O-O 7.e3 b6 8.Rc1 Bb7
9.cxd5 Nxd5 10.Bxe7 Qxe7 11.a3 Nxc3 12.Rxc3 Qd6 13.Be2 Nd7 14.O-O Rac8
15.b4 Rfd8 16.Qc2 c5 17.dxc5 bxc5 18.Rd1 Qe7 19.bxc5 Nf6 20.Rxd8+ Qxd8
21.c6 Ba8 22.c7 Qd6 23.Rd3 Qe7 24.Rd1 Rxc7 25.Qd2   1/2-1/2

[Event "2019 Lidums Young Masters Open"]
[Site "Adelaide, Australia"]
[Date "2019.12.13"]
[Round "9"]
[White "Bayaca, Sterling"]
[Black "Bartley, George"]
[Result "1-0"]
[BlackElo "1733"]
[EventDate "2019.12.7"]
[WhiteElo "1980"]

1.Nf3 d5 2.e3 Nf6 3.c4 c5 4.cxd5 Nxd5 5.a3 a6 6.Be2 e6 7.d3 Nc6 8.Nbd2 Be7
9.O-O O-O 10.Qc2 b6 11.b4 Bd7 12.bxc5 Bxc5 13.Bb2 Be7 14.Ne4 Qc7 15.Rac1
Rfc8 16.Qb1 Qd8 17.Qa1 Qf8 18.Ng3 Bf6 19.Nd2 Ra7 20.Bxf6 Nxf6 21.Nc4 Qd8
22.Qb2 b5 23.Nd6 Rb8 24.Bf3 Ne7 25.Rc2 Qb6 26.Nde4 Nxe4 27.Bxe4 g6 28.Rfc1
Rc8 29.Rxc8+ Nxc8 30.h4 Rc7 31.h5 Rxc1+ 32.Qxc1 f5 33.h6 Qd6 34.Qc3 Qf8
35.Bb7 Nb6 36.Qc7 Qxa3 37.Qxb6 Qf8 38.Qc7 Be8 39.Bxa6 Qxh6 40.Bxb5 Bf7
41.Qc8+ Kg7 42.Qc3+ Kf8 43.Qh8+ Ke7 44.Bc4 g5 45.Qe5 Qg6 46.d4 f4 47.exf4
Qc2 48.Qxg5+ Kf8 49.Qc5+ Kg8 50.f5 Qc1+ 51.Nf1 Qe1 52.fxe6 Bxe6 53.Qc8+
Kf7 54.Qxe6+   1-0

[Event "2019 Lidums Young Masters Open"]
[Site "Adelaide, Australia"]
[Date "2019.12.13"]
[Round "9"]
[White "Lu, Lillian"]
[Black "Badrinarayan, Sankeertan"]
[Result "1-0"]
[BlackElo "1900"]
[EventDate "2019.12.7"]
[WhiteElo "1689"]

1.e4 g6 2.d4 Bg7 3.Nc3 d6 4.Be3 Nd7 5.Bc4 Ngf6 6.f3 a6 7.a4 O-O 8.Qd2 e5
9.d5 Nh5 10.g4 Nf4 11.h4 f5 12.gxf5 gxf5 13.h5 Bh6 14.O-O-O Nc5 15.Kb1
Nxa4 16.Nxa4 b5 17.Bb3 bxa4 18.Bxa4 Bd7 19.Bb3 a5 20.Ne2 a4 21.Rdg1+ Kf7
22.Bc4 Nxe2 23.Bxh6 Nxg1 24.Bxf8 Nxf3 25.Qg2 Qg5 26.Qxf3 Rxf8 27.exf5 Ke7
28.Bd3 Qf4 29.f6+ Kxf6 30.Rf1 Qxf3 31.Rxf3+ Kg7 32.h6+ Kg8 33.Bxh7+ Kxh7
34.Rxf8 Kxh6 35.Rf7 Bb5 36.Rxc7 Kg5 37.Kc1 Kf4 38.Kd2 Ke4 39.c4 Be8 40.Kc3
Ke3 41.Rc8 Bh5 42.Rd8 Ke2 43.Rxd6 e4 44.Kd4 Bf3 45.c5 Kd2 46.c6 e3 47.Re6
e2 48.Kc5 Kc2 49.c7 Kxb2 50.c8=Q a3 51.Qb8+ Kc2 52.Qe5 Kb1 53.Qf5+ Ka1
54.Qxf3 a2 55.Rxe2   1-0